00217nam a2200085Ia 4500008004100000100002200041245003000063260001800093650002000111190216s9999||||xx |||||||||||||| ||und|| aNamboodiri.A.P.P. 0aKavithayilek Oru Kaithiri bCurrent Books aEssay Malayalam